000 004440000a22001690004500
003 MACL
005 20160217132332.0
008 160217b xxu||||| |||| 00| 0 eng d
040 _aMACL
_cMACL
041 _aHindi
082 _a340
245 _aमघनिषेघ जांच समिति की रिपोर्ट
260 _bयोजना कमीशन
350 _a2
650 _aLaw
_938670
942 _cHIN
_k340
_2ddc
999 _c24404
_d24404